Issues in computer-adaptive testing of reading proficiency

Saved in:
Bibliographic Details
Other Authors: Chalhoub-Deville, Micheline (Editor)
Format: Book
Language:English
Published: [Cambridge, UK.] : [University of Cambridge Local Examinations Syndicate], [1999]
Series:Studies in language testing ; ; 10
Subjects:
Tags: Add Tag
No Tags, Be the first to tag this record!

MARC

LEADER 00000nam a2200000 i 4500
001 1/51727
008 070813s1999 eng d
020 |a 0-521-653800 
035 |l 10089801 
040 |a GR-MY-UA  |b gre  |e aacr 
041 0 |a eng 
082 0 |a 428.4  |2 (22) 
245 1 0 |a Issues in computer-adaptive testing of reading proficiency /  |c edited by Micheline Chalhoub-Deville 
260 |a [Cambridge, UK.] :   |b [University of Cambridge Local Examinations Syndicate],   |c [1999] 
300 |a xvii, 238 σ.;  |c 23 εκ. 
490 1 |a Studies in language testing  |v ; 10 
504 |a Περιλαμβάνει βιβλιογραφίες και ευρετήριο 
650 0 0 |a Education. 
650 0 0 |a Education, Assessment. 
650 0 0 |a Reading  |x Ability testing. 
650 0 0 |a Computer adaptive testing. 
700 1 |a Chalhoub-Deville, Micheline.  |4 edt 
830 0 |a Studies in language testing ;  |v ; 10 
852 |a INST  |b RHODES  |e 20070813  |h 428.4 ISS  |p 005400025964  |q 005400025964  |t BK  |y 0 
901 |a BIBL4-2007-2 
909 |a Ρ  |b 135849 
922 |a 4ΕΛΗ  |b 200706  |c ΕΠΕΑΕΚ2/ΠΤΔΕ  |d ΕΛΕΥΘΕΡΟΥΔΑΚΗΣ 
970 |a ΧΑΡΙΟΠΟΛΙΤΟΥ  |b ΚΩΝΣΤΑΝΤΙΝΑ  |z 2007/08/13